[Event "ESP chT Honor Division 2019"]
[Site "Melilla"]
[Date "2019.10.06"]
[Round "7.13"]
[White "Iturrizaga Bonelli, Eduardo"]
[Black "Rakhmanov, Aleksandr"]
[Result "1/2-1/2"]
[WhiteElo "2629"]
[BlackElo "2621"]
[Annotator "TA"]
[PlyCount "66"]
[EventDate "2019.09.30"]
[EventType "team-tourn"]
[EventCountry "ESP"]
[SourceTitle "playchess.com"]
[Source "ChessBase"]
[SourceQuality "1"]

{[%evp 11,66,0,9,-10,3,-2,0,-1,-5,-21,-20,-6,0,-2,-6,0,0,-28,-22,-31,-15,-21,0,-25,13,0,0,-38,-12,-12,-8,-15,-20,-11,-15,-13,0,0,0,0,0,0,0,0,0,0,0,0,0,0,0,0,0,0,0,0,0]} 1. c4 e5 2. g3 Nc6 3. Bg2 g6 4. Nc3 Bg7 5. d3 d6 6. e4 Nd4 7. h3 {A26: English Opening vs King's Indian with ...Nc6 and d3} (7. Nge2 Bg4 8. h3 Bf3 9. Bxf3 Nxf3+ 10. Kf1 Ne7 11. Kg2 Nd4 12. Nxd4 exd4 13. Ne2 Qd7 14. Bg5 f6 15. Bd2 {1-0 (42) Bocharov,D (2576)-Popov,I (2608) Voronezh 2018}) 7... Ne7 8. Nge2 Nec6 $146 ({Predecessor:} 8... Nxe2 9. Qxe2 Nc6 10. O-O Nd4 11. Qd1 Be6 12. Kh2 Qd7 13. f4 c6 14. Be3 {1-0 (28) Miezis,N (2410)-Koscielski,J (2215) Cologne 1993}) 9. O-O Be6 10. f4 Qd7 11. Kh2 O-O 12. Nxd4 Nxd4 13. Be3 c6 14. Bxd4 exd4 15. Nb1 {[%cal Bc3b1,Bb1d2,Bd2f3][%mdl 32]} a5 {[%cal Ba7a5,Ba5a4][%mdl 32]} 16. Nd2 a4 17. Nf3 Ra5 18. Qd2 Qc7 19. g4 b5 20. b4 {The position is equal.} axb3 21. axb3 Rfa8 22. Rxa5 Qxa5 23. Qf2 bxc4 24. bxc4 Qc3 25. Rd1 Bd7 26. e5 dxe5 27. Nxe5 Bxe5 28. fxe5 Rb8 29. Rd2 Re8 30. Qf4 Qc1 31. Rf2 Qxf4+ 32. Rxf4 c5 33. Bd5 Rxe5 {Accuracy: White = 56%, Black = 66%.} 1/2-1/2

[Event "ESP chT Honor Division 2019"]
[Site "Melilla"]
[Date "2019.10.06"]
[Round "7.14"]
[White "Peralta, Fernando"]
[Black "Vazquez Igarza, Renier"]
[Result "1/2-1/2"]
[WhiteElo "2569"]
[BlackElo "2557"]
[Annotator "ChessBase"]
[PlyCount "61"]
[EventDate "2019.09.30"]
[EventType "team-tourn"]
[EventCountry "ESP"]
[SourceTitle "playchess.com"]
[Source "ChessBase"]
[SourceQuality "1"]
[TimeControl "40/5400+30:1800+30"]

1. d4 {[%emt 0:02:27]} e6 {[%emt 0:00:00]} 2. c4 {[%emt 0:00:34]} Bb4+ {[%emt 0:00:07]} 3. Bd2 a5 {[%emt 0:00:29]} 4. Nc3 {[%emt 0:02:23]} d5 5. e3 {[%emt 0:00:40]} Nf6 {[%emt 0:00:40]} 6. Nf3 {[%emt 0:01:06]} O-O {[%emt 0:00:10]} 7. Bd3 {[%emt 0:00:54]} Nbd7 8. O-O {[%emt 0:02:37]} b6 {[%emt 0:01:15]} 9. Rc1 {[%emt 0:06:03]} Bb7 {[%emt 0:02:02]} 10. Qe2 {[%emt 0:11:35]} Ne4 {[%emt 0:01:50]} 11. Rfd1 {[%emt 0:00:28]} Nxd2 {[%emt 0:02:00]} 12. Rxd2 {[%emt 0:00:19]} Nf6 {[%emt 0:01:04]} 13. Rdd1 {[%emt 0:02:36]} dxc4 {[%emt 0:08:13]} 14. Bxc4 {[%emt 0:00:11]} Qe7 {[%emt 0:00:22]} 15. a3 {[%emt 0:03:24]} Bxc3 {[%emt 0:05:13]} 16. Rxc3 {[%emt 0:00:06]} Rfd8 {[%emt 0:01:05]} 17. Rcc1 {[%emt 0:08:39]} c5 {[%emt 0:06:38]} 18. Bb5 {[%emt 0:07:16]} Rdc8 {[%emt 0:07:06]} 19. h3 {[%emt 0:03:25]} h6 {[%emt 0:00:16]} 20. Ne5 {[%emt 0:08:51]} cxd4 {[%emt 0:03:38]} 21. Nc6 {[%emt 0:02:23]} Bxc6 {[%emt 0:05:16]} 22. Bxc6 {[%emt 0:01:18]} Rab8 {[%emt 0:04:33]} 23. Rxd4 {[%emt 0:00:45]} b5 {[%emt 0:07:56]} 24. Rdd1 {[%emt 0:03:38]} b4 {[%emt 0:00:59]} 25. a4 {[%emt 0:01:29]} Rd8 {[%emt 0:05:05]} 26. Rxd8+ {[%emt 0:07:02]} Qxd8 {[%emt 0:01:26]} 27. Bf3 {[%emt 0:02:15]} Rc8 {[%emt 0:02:44]} 28. Rxc8 {[%emt 0:07:44]} Qxc8 {[%emt 0:00:03]} 29. Qd1 {[%emt 0:00:09]} Qc7 {[%emt 0:04:32]} 30. g3 {[%emt 0:00:34]} g6 {[%emt 0:07:03]} 31. Kg2 {[%emt 0:00:27]} 1/2-1/2

[Event "ESP chT Honor Division 2019"]
[Site "Melilla"]
[Date "2019.10.06"]
[Round "7.15"]
[White "Moreno Ruiz, Javier"]
[Black "Korneev, Oleg"]
[Result "0-1"]
[WhiteElo "2470"]
[BlackElo "2504"]
[Annotator "ChessBase"]
[PlyCount "77"]
[EventDate "2019.09.30"]
[EventType "team-tourn"]
[EventCountry "ESP"]
[SourceTitle "playchess.com"]
[Source "ChessBase"]
[SourceQuality "1"]
[TimeControl "40/5400+30:1800+30"]

1. d4 {[%emt 0:00:00]} d5 {[%emt 0:00:00]} 2. c4 {[%emt 0:00:00]} e6 {[%emt 0:00:00]} 3. Nc3 {[%emt 0:00:00]} Nf6 {[%emt 0:00:00]} 4. cxd5 {[%emt 0:00:00]} exd5 {[%emt 0:00:00]} 5. Bg5 {[%emt 0:00:00]} Be7 {[%emt 0:00:00]} 6. e3 {[%emt 0:00:07]} c6 {[%emt 0:00:03]} 7. Bd3 {[%emt 0:01:10]} Nbd7 {[%emt 0:04:35]} 8. Qc2 {[%emt 0:03:10]} Nh5 {[%emt 0:00:35]} 9. Bxe7 {[%emt 0:00:08]} Qxe7 {[%emt 0:00:03]} 10. O-O-O {[%emt 0:00:17]} g6 {[%emt 0:00:09]} 11. Nf3 {[%emt 0:00:15]} Nb6 {[%emt 0:01:39]} 12. h3 {[%emt 0:00:12]} Be6 {[%emt 0:02:23]} 13. Kb1 {[%emt 0:00:32]} Ng7 {[%emt 0:02:42]} 14. g4 {[%emt 0:00:21]} O-O-O {[%emt 0:00:26]} 15. Na4 {[%emt 0:01:17]} Nxa4 {[%emt 0:02:30]} 16. Qxa4 {[%emt 0:00:05]} Kb8 {[%emt 0:00:05]} 17. Be2 {[%emt 0:04:07]} Ne8 {[%emt 0:01:59]} 18. Rd3 {[%emt 0:00:13]} Nd6 {[%emt 0:01:36]} 19. Ra3 {[%emt 0:00:09]} Nc8 {[%emt 0:05:42]} 20. Rc1 {[%emt 0:00:38]} Rd7 {[%emt 0:18:53]} 21. Ne5 {[%emt 0:05:49]} Rc7 {[%emt 0:00:06]} 22. Rcc3 {[%emt 0:38:15]} h5 {[%emt 0:04:45]} 23. f4 {[%emt 0:31:57]} hxg4 {[%emt 0:00:58]} 24. hxg4 {[%emt 0:00:18]} Rh1+ {[%emt 0:01:39]} 25. Rc1 {[%emt 0:00:24]} Rxc1+ {[%emt 0:06:59]} 26. Kxc1 {[%emt 0:00:00]} g5 {[%emt 0:12:17]} 27. f5 {[%emt 0:00:08]} f6 {[%emt 0:04:25]} 28. Nd3 {[%emt 0:02:09]} Bxf5 {[%emt 0:01:02]} 29. gxf5 {[%emt 0:02:19]} Qxe3+ {[%emt 0:00:12]} 30. Kd1 {[%emt 0:00:07]} Re7 {[%emt 0:00:59]} 31. Nc1 {[%emt 0:00:29]} Qg1+ {[%emt 0:00:36]} 32. Kd2 {[%emt 0:03:00]} Qf2 {[%emt 0:08:06]} 33. Qb4 {[%emt 0:03:32]} g4 {[%emt 0:01:56]} 34. Qc3 {[%emt 0:00:37]} Nd6 {[%emt 0:00:17]} 35. Kd1 {[%emt 0:00:56]} Nxf5 {[%emt 0:01:19]} 36. Qc5 {[%emt 0:02:17]} a6 {[%emt 0:07:24]} 37. Qb6 {[%emt 0:02:53]} g3 {[%emt 0:03:32]} 38. Qd8+ {[%emt 0:00:37]} Ka7 {[%emt 0:00:04]} 39. Rf3 {[%emt 0:00:00]} 0-1

[Event "ESP chT Honor Division 2019"]
[Site "Melilla"]
[Date "2019.10.06"]
[Round "7.16"]
[White "Asis Gargatagli, Hipolito"]
[Black "Suarez Uriel, Adrian"]
[Result "1-0"]
[WhiteElo "2511"]
[BlackElo "2392"]
[Annotator "ChessBase"]
[PlyCount "79"]
[EventDate "2019.09.30"]
[EventType "team-tourn"]
[EventCountry "ESP"]
[SourceTitle "playchess.com"]
[Source "ChessBase"]
[SourceQuality "1"]
[TimeControl "40/5400+30:1800+30"]

1. c4 {[%emt 0:00:00]} Nf6 {[%emt 0:00:00]} 2. Nc3 {[%emt 0:00:00]} g6 {[%emt 0:02:35]} 3. e4 {[%emt 0:00:05]} d6 {[%emt 0:00:04]} 4. d4 {[%emt 0:00:09]} Bg7 {[%emt 0:00:03]} 5. f4 {[%emt 0:00:12]} Na6 {[%emt 0:06:10]} 6. Nf3 {[%emt 0:01:34]} O-O {[%emt 0:00:19]} 7. Bd3 {[%emt 0:00:25]} Bg4 {[%emt 0:06:46]} 8. O-O {[%emt 0:01:19]} e5 {[%emt 0:00:42]} 9. fxe5 {[%emt 0:00:36]} dxe5 {[%emt 0:00:04]} 10. d5 {[%emt 0:00:09]} c6 {[%emt 0:04:46]} 11. Be3 {[%emt 0:04:42]} Rc8 {[%emt 0:08:00]} 12. Rc1 {[%emt 0:20:47]} cxd5 {[%emt 0:05:55]} 13. cxd5 {[%emt 0:02:23]} Nc5 {[%emt 0:00:08]} 14. Bb1 {[%emt 0:06:36]} a6 {[%emt 0:07:59]} 15. h3 {[%emt 0:18:29]} Bxf3 {[%emt 0:00:07]} 16. Qxf3 {[%emt 0:00:05]} Ne8 {[%emt 0:01:25]} 17. b4 {[%emt 0:02:56]} Nd7 {[%emt 0:00:10]} 18. Na4 {[%emt 0:00:10]} Rxc1 {[%emt 0:07:07]} 19. Rxc1 {[%emt 0:03:35]} Nd6 {[%emt 0:00:04]} 20. Nc5 {[%emt 0:01:13]} Qe7 {[%emt 0:08:04]} 21. a4 {[%emt 0:03:51]} Rc8 {[%emt 0:12:37]} 22. a5 {[%emt 0:04:55]} Nb5 {[%emt 0:06:51]} 23. Rf1 {[%emt 0:14:54]} Nd6 {[%emt 0:06:14]} 24. Ba2 {[%emt 0:08:52]} Nf8 {[%emt 0:05:07]} 25. Qg4 {[%emt 0:00:36]} h5 {[%emt 0:00:35]} 26. Qg3 {[%emt 0:00:21]} Nh7 {[%emt 0:00:35]} 27. Bb3 {[%emt 0:01:12]} Bf6 {[%emt 0:01:10]} 28. Kh1 {[%emt 0:00:14]} Bg5 {[%emt 0:02:30]} 29. Bg1 {[%emt 0:00:24]} Bd2 {[%emt 0:00:30]} 30. Ne6 {[%emt 0:01:17]} Bc3 {[%emt 0:03:04]} 31. Bc5 {[%emt 0:00:24]} Nxe4 {[%emt 0:02:28]} 32. Qxc3 {[%emt 0:00:05]} Rxc5 {[%emt 0:00:38]} 33. Qxe5 {[%emt 0:00:17]} fxe6 {[%emt 0:02:17]} 34. Qxe4 {[%emt 0:01:08]} Rc7 {[%emt 0:00:43]} 35. Qxg6+ {[%emt 0:00:58]} Kh8 {[%emt 0:00:04]} 36. dxe6 {[%emt 0:00:23]} h4 {[%emt 0:00:11]} 37. Bc2 {[%emt 0:00:30]} Qxb4 {[%emt 0:00:59]} 38. Qe8+ {[%emt 0:00:06]} Kg7 {[%emt 0:00:05]} 39. Rf7+ {[%emt 0:00:09]} Kh6 {[%emt 0:00:06]} 40. Rxh7+ {[%emt 0:00:05]} 1-0

[Event "ESP chT Honor Division 2019"]
[Site "Melilla"]
[Date "2019.10.06"]
[Round "7.17"]
[White "Martin Duque, Jesus"]
[Black "Moskalenko, Viktor"]
[Result "1-0"]
[WhiteElo "2445"]
[BlackElo "2475"]
[Annotator "ChessBase"]
[PlyCount "101"]
[EventDate "2019.09.30"]
[EventType "team-tourn"]
[EventCountry "ESP"]
[SourceTitle "playchess.com"]
[Source "ChessBase"]
[SourceQuality "1"]
[TimeControl "40/5400+30:1800+30"]

1. e4 {[%emt 0:00:00]} e6 {[%emt 0:00:00]} 2. d4 {[%emt 0:00:00]} d5 {[%emt 0:00:00]} 3. Nc3 {[%emt 0:00:00]} Nf6 {[%emt 0:00:08]} 4. e5 {[%emt 0:00:09]} Nfd7 {[%emt 0:00:06]} 5. f4 {[%emt 0:00:47]} c5 {[%emt 0:00:07]} 6. Nf3 {[%emt 0:00:42]} Nc6 {[%emt 0:00:06]} 7. Be3 {[%emt 0:00:24]} a6 {[%emt 0:03:28]} 8. Qd2 {[%emt 0:00:21]} b5 {[%emt 0:00:15]} 9. dxc5 {[%emt 0:00:27]} Bxc5 {[%emt 0:00:02]} 10. Bd3 {[%emt 0:00:55]} Qb6 {[%emt 0:17:35]} 11. Bf2 {[%emt 0:00:13]} b4 {[%emt 0:17:41]} 12. Na4 {[%emt 0:00:40]} Bxf2+ {[%emt 0:00:05]} 13. Qxf2 {[%emt 0:00:08]} Qxf2+ {[%emt 0:00:20]} 14. Kxf2 {[%emt 0:00:05]} Ke7 {[%emt 0:09:00]} 15. Rhc1 {[%emt 0:06:07]} Bb7 {[%emt 0:03:30]} 16. c4 {[%emt 0:05:44]} bxc3 {[%emt 0:03:14]} 17. bxc3 {[%emt 0:04:33]} Rhb8 {[%emt 0:19:42]} 18. Rab1 {[%emt 0:05:15]} Bc8 {[%emt 0:00:47]} 19. Nd4 {[%emt 0:03:07]} Nxd4 {[%emt 0:01:16]} 20. cxd4 {[%emt 0:00:03]} Rxb1 {[%emt 0:11:13]} 21. Rxb1 {[%emt 0:00:04]} h6 {[%emt 0:01:04]} 22. Ke3 {[%emt 0:08:57]} Rb8 {[%emt 0:03:15]} 23. Rxb8 {[%emt 0:03:00]} Nxb8 {[%emt 0:00:02]} 24. Nc5 {[%emt 0:00:47]} Kd8 {[%emt 0:03:38]} 25. g4 {[%emt 0:01:46]} a5 {[%emt 0:01:13]} 26. Nb3 {[%emt 0:05:44]} a4 {[%emt 0:00:33]} 27. Nc5 {[%emt 0:00:17]} a3 {[%emt 0:00:20]} 28. Bb5 {[%emt 0:07:06]} g5 {[%emt 0:00:25]} 29. fxg5 {[%emt 0:04:31]} hxg5 {[%emt 0:00:02]} 30. Kd3 {[%emt 0:01:25]} Ke7 {[%emt 0:02:14]} 31. Kc3 {[%emt 0:00:33]} f6 {[%emt 0:00:11]} 32. Kb4 {[%emt 0:08:08]} fxe5 {[%emt 0:00:18]} 33. dxe5 {[%emt 0:00:02]} Bd7 {[%emt 0:00:35]} 34. Nxd7 {[%emt 0:02:55]} Nxd7 {[%emt 0:00:06]} 35. Bxd7 {[%emt 0:00:02]} Kxd7 {[%emt 0:00:01]} 36. Kxa3 {[%emt 0:00:19]} Kc6 {[%emt 0:01:08]} 37. Kb4 {[%emt 0:00:04]} Kb6 {[%emt 0:00:08]} 38. a4 {[%emt 0:00:44]} Ka6 {[%emt 0:03:14]} 39. a5 {[%emt 0:02:24]} Ka7 {[%emt 0:00:53]} 40. Kb5 {[%emt 0:00:27]} Kb7 {[%emt 0:00:05]} 41. a6+ {[%emt 0:31:29]} Kb8 {[%emt 0:13:57]} 42. h4 {[%emt 0:00:00]} gxh4 {[%emt 0:00:21]} 43. g5 {[%emt 0:00:00]} h3 {[%emt 0:00:16]} 44. g6 {[%emt 0:00:00]} h2 {[%emt 0:00:04]} 45. g7 {[%emt 0:00:00]} h1=Q 46. g8=Q+ {[%emt 0:00:00]} Kc7 {[%emt 0:00:25]} 47. Qf7+ {[%emt 0:00:00]} Kd8 {[%emt 0:00:48]} 48. Qf8+ {[%emt 0:00:00]} Kd7 {[%emt 0:00:49]} 49. Qd6+ {[%emt 0:00:00]} Kc8 {[%emt 0:01:47]} 50. Qc6+ {[%emt 0:00:00]} Kd8 {[%emt 0:00:45]} 51. a7 {[%emt 0:00:00]} 1-0

[Event "ESP chT Honor Division 2019"]
[Site "Melilla"]
[Date "2019.10.06"]
[Round "7.18"]
[White "Milliet, Sophie"]
[Black "Di Benedetto, Desiree"]
[Result "1-0"]
[WhiteElo "2400"]
[BlackElo "2235"]
[Annotator "ChessBase"]
[PlyCount "79"]
[EventDate "2019.09.30"]
[EventType "team-tourn"]
[EventCountry "ESP"]
[SourceTitle "playchess.com"]
[Source "ChessBase"]
[SourceQuality "1"]
[TimeControl "40/5400+30:1800+30"]

1. e4 {[%emt 0:02:29]} e6 {[%emt 0:00:00]} 2. d4 {[%emt 0:00:04]} d5 {[%emt 0:00:00]} 3. Nc3 {[%emt 0:00:05]} Nf6 {[%emt 0:00:00]} 4. e5 {[%emt 0:00:04]} Nfd7 {[%emt 0:00:00]} 5. f4 {[%emt 0:00:04]} c5 {[%emt 0:00:00]} 6. Nf3 {[%emt 0:00:02]} Nc6 {[%emt 0:00:02]} 7. Be3 {[%emt 0:00:05]} cxd4 {[%emt 0:00:10]} 8. Nxd4 {[%emt 0:00:05]} Bc5 {[%emt 0:00:10]} 9. Qd2 {[%emt 0:00:18]} O-O {[%emt 0:00:13]} 10. O-O-O {[%emt 0:01:25]} a6 {[%emt 0:00:22]} 11. Nb3 {[%emt 0:01:32]} Be7 {[%emt 0:01:20]} 12. g4 {[%emt 0:14:24]} b5 {[%emt 0:02:16]} 13. Rg1 {[%emt 0:00:39]} Bb7 {[%emt 0:01:25]} 14. Rg3 {[%emt 0:05:08]} Qc7 {[%emt 0:04:02]} 15. Rh3 {[%emt 0:01:27]} Rfc8 {[%emt 0:03:52]} 16. Bd3 {[%emt 0:01:39]} g6 {[%emt 0:05:14]} 17. Qf2 {[%emt 0:04:49]} Nb4 {[%emt 0:02:38]} 18. Kb1 {[%emt 0:09:29]} Nxd3 {[%emt 0:04:45]} 19. cxd3 {[%emt 0:00:06]} b4 {[%emt 0:02:46]} 20. Na4 {[%emt 0:00:34]} d4 {[%emt 0:09:00]} 21. Bxd4 {[%emt 0:01:30]} Qc6 {[%emt 0:11:22]} 22. Nb6 {[%emt 0:00:57]} Nxb6 {[%emt 0:01:31]} 23. Bxb6 {[%emt 0:00:06]} a5 {[%emt 0:02:19]} 24. f5 {[%emt 0:33:12]} a4 {[%emt 0:17:53]} 25. Na5 {[%emt 0:00:55]} Rxa5 {[%emt 0:03:24]} 26. Bxa5 {[%emt 0:04:00]} b3 {[%emt 0:03:10]} 27. Bc3 {[%emt 0:00:31]} bxa2+ {[%emt 0:08:49]} 28. Ka1 {[%emt 0:00:54]} a3 {[%emt 0:01:32]} 29. Rf1 {[%emt 0:00:35]} axb2+ {[%emt 0:02:13]} 30. Bxb2 {[%emt 0:00:05]} exf5 {[%emt 0:09:49]} 31. gxf5 {[%emt 0:00:09]} Qd5 {[%emt 0:01:52]} 32. e6 {[%emt 0:01:58]} Rf8 {[%emt 0:01:32]} 33. f6 {[%emt 0:03:23]} Bc5 {[%emt 0:01:26]} 34. Qf4 {[%emt 0:07:54]} Qg2 {[%emt 0:00:46]} 35. Rg3 {[%emt 0:00:52]} Qe2 {[%emt 0:00:50]} 36. Rc1 {[%emt 0:00:44]} Ra8 {[%emt 0:00:42]} 37. exf7+ {[%emt 0:00:55]} Kf8 {[%emt 0:00:15]} 38. Qh6+ {[%emt 0:00:41]} Kxf7 {[%emt 0:00:01]} 39. Qxh7+ {[%emt 0:00:17]} Ke6 {[%emt 0:00:07]} 40. Qxb7 {[%emt 0:00:18]} 1-0

[Event "ESP chT Honor Division 2019"]
[Site "Melilla"]
[Date "2019.10.06"]
[Round "7.19"]
[White "Sasikiran, Krishnan"]
[Black "Bacrot, Etienne"]
[Result "0-1"]
[WhiteElo "2675"]
[BlackElo "2671"]
[Annotator "TA"]
[PlyCount "106"]
[EventDate "2019.09.30"]
[EventType "team-tourn"]
[EventCountry "ESP"]
[SourceTitle "playchess.com"]
[Source "ChessBase"]
[SourceQuality "1"]

{[%evp 10,106,0,-21,14,7,8,6,48,0,28,-2,0,-14,2,-18,-8,-16,12,0,7,-31,-18,-3,-22,-29,0,-59,-37,-33,-35,-96,-86,-83,-85,-72,-90,-103,-101,-131,-111,-165,-162,-205,-222,-288,-314,-306,-269,-297,-273,-374,-380,-366,-343,-619,-601,-602,-574,-576,-562,-730,-709,-5987,-5931,-1949,-337,-313,-311,-221,-58,-12793,-12793,-12793,-12793,-29981,-29982,-29982,-29983,-29983,-29967,-1412,0,-29983,-29984,-29984,-29985,-29985,-29986,-29986,-29979,-29986,-29987,-29987,-29988,-29988,-29988,-29992,-29993]} 1. e4 e5 2. Nf3 Nf6 3. Nxe5 d6 4. Nc4 Nxe4 5. Qe2 Qe7 6. Ne3 {Threatens to win with Nd5.} Nc6 {C42: Petroff Defence: 3 Nxe5 and unusual White 3rd moves} 7. c3 {Strongly threatening Nd5.} (7. Nd5 Qe5 8. Nxc7+ Kd8 9. Nb5 a6 10. d4 Qf5 11. N5a3 Nxd4 12. Qe3 d5 13. f3 Bb4+ 14. c3 Nxc3 15. Qxd4 {½-½ (30) Wang,H (2737)-Wei,Y (2741) Daqing 2019}) 7... Nf6 8. d4 h5 $146 {The position is equal.} ({Predecessor:} 8... g6 9. g3 Bg7 10. Bg2 O-O 11. O-O Re8 12. h3 Qd8 13. Nd2 Ne7 14. Nf3 d5 {½-½ (50) Terreaux,G (2250)-Lewis,G (1905) CServe email 1995}) 9. Na3 a6 10. Bd2 Be6 11. g3 d5 12. Bg2 Qd7 13. Nac2 Be7 14. h3 Na7 15. f4 g6 16. O-O-O O-O-O 17. c4 Rhe8 18. Bc3 ({White should try} 18. Qf3 $11) 18... Kb8 19. Qf3 Qc8 20. a3 (20. Qf1 $15) 20... dxc4 $17 21. d5 Bf5 $1 22. Nxf5 gxf5 23. Ne3 {Hoping for d6.} Ne4 {And now ...Nb5 would win.} 24. Nxc4 Nb5 25. Ba5 (25. Be5 $17 Bc5 26. b4) 25... Bf6 $19 26. Qxh5 Nxg3 {[%mdl 64] Double Attack} 27. Qh6 Nxh1 28. Bxh1 Bh8 29. Kb1 Re2 30. Qh5 Rh2 31. Qf3 Re8 32. a4 $2 (32. Bg2 Rg8 33. Bf1) 32... Nd6 33. Ne5 Bxe5 34. fxe5 Rxe5 35. Rc1 Ree2 36. Bxc7+ Qxc7 37. Rxc7 Kxc7 $2 (37... Rxb2+ 38. Kc1 Ra2) 38. Qc3+ Kd7 39. Bf3 Ne4 $2 ({Weaker is} 39... Rxb2+ 40. Qxb2 Rxb2+ 41. Kxb2 $15) (39... Rxh3 $19 40. Bxe2 Rxc3 41. bxc3 Ne4) 40. Bxe4 $2 {[%mdl 8192]} (40. Qb4 $15 Rxb2+ 41. Qxb2 Rxb2+ 42. Kxb2) 40... fxe4 $15 {[%mdl 4096] Endgame KQ-KRR} ({Not} 40... Rxe4 41. Qb3 $11) 41. h4 {[#]} e3 $1 42. Qg7 Rxb2+ 43. Ka1 Rbf2 {[%cal Rf2f1]} 44. Qg4+ Kd8 45. Qg5+ Kd7 (45... f6 $19 46. Qg8+ Kc7 47. d6+ Kd7 48. Qf7+ Kxd6 49. Qf8+ Kd5 50. Qd8+ Kc4 51. Qc8+ Kd3 52. Qd7+ Kc2) 46. Qg4+ f5 {Black mates.} 47. Qg7+ {[#]} Kd6 $1 {[%cal Rf2f1]} 48. Qf6+ Kxd5 {[%cal Rh2h1]} 49. Qf7+ Ke5 {[%cal Rh2h1]} 50. Qg7+ Ke4 {[%cal Rf2f1]} 51. Qxb7+ Kf4 52. Qc7+ Kg4 53. Qg7+ Kh3 {Accuracy: White = 35%, Black = 58%.} 0-1

[Event "ESP chT Honor Division 2019"]
[Site "Melilla"]
[Date "2019.10.06"]
[Round "7.20"]
[White "Naiditsch, Arkadij"]
[Black "Ganguly, Surya Shekhar"]
[Result "0-1"]
[WhiteElo "2643"]
[BlackElo "2658"]
[Annotator "TA"]
[PlyCount "74"]
[EventDate "2019.09.30"]
[EventType "team-tourn"]
[EventCountry "ESP"]
[SourceTitle "playchess.com"]
[Source "ChessBase"]
[SourceQuality "1"]

{[%evp 9,80,23,26,9,16,4,19,10,27,13,58,50,51,51,70,58,45,43,72,65,78,62,97,94,117,108,119,122,142,130,138,118,110,111,292,75,107,34,167,79,102,80,72,93,96,0,0,0,0,0,0,0,0,-77,-83,-89,-68,-262,-260,-418,-402,-649,-644,-701,-697,-29953,-29955,-4837,-4837,-4837,-4837,-6305,-6069]} 1. Nf3 d5 2. g3 g6 3. Bg2 Bg7 4. d4 c6 5. O-O Nf6 6. a4 {D02: 1 d4 d5 2 Nf3 sidelines, including 2...Nf6 3 g3 and 2...Nf6 3 Bf4} (6. b3 O-O 7. Bb2 Bf5 8. c4 Nbd7 9. cxd5 cxd5 10. Nc3 Rc8 11. e3 Qa5 12. Nh4 Be4 13. f3 Bf5 14. Nxf5 gxf5 15. Qd3 e6 16. Rfc1 a6 {0-1 (65) Rapport,R (2747)-Caruana,F (2818) Saint Louis 2019}) 6... O-O 7. a5 Ne4 8. Nbd2 {The position is equal.} Bf5 9. Nh4 $146 ({Predecessor:} 9. c3 Nxd2 10. Nxd2 e5 11. dxe5 Bxe5 12. e4 dxe4 13. Nxe4 Qe7 {1-0 (27) Mester,G (2419)-Gal,J (2354) Aggtelek 2002}) 9... Bxd4 10. Nxe4 dxe4 11. Nxf5 gxf5 12. g4 $36 {[%mdl 2048] White is pushing.} fxg4 13. Ra4 $1 {[%cal Ra4d4]} Bg7 14. Rxe4 Nd7 15. Rxg4 {Threatens to win with Bh6.} Nf6 16. Rg3 Kh8 17. Qe1 Qd4 18. e4 Rad8 19. Qe2 Qe5 20. f4 Qxa5 21. e5 Ne8 $2 (21... Ng8 $16) 22. Rg5 $2 (22. Rh3 $1 $18) 22... Qb6+ 23. Be3 (23. Kh1 $16) 23... c5 ({Black should try} 23... Qxb2 $14 24. Rg3 (24. Bxa7 Rd7 $11) 24... f6) 24. Kh1 (24. Rg3 $18 {and White stays clearly on top.}) 24... f6 $16 25. Bxc5 Qc7 26. Rh5 $1 {Qg4 is the strong threat.} fxe5 27. Be4 ({Reject} 27. Bxa7 $6 Rxf4 28. Bf2 Nf6 $11) (27. Bb4 $16) 27... Nf6 28. Rxh7+ Nxh7 {[#]} 29. Qh5 $1 {[%csl Ge4][%cal Rh5h7][%mdl 512]} Bh6 $1 30. Qg6 {[%csl Ge4][%cal Rg6h7]} e6 $1 31. Bxf8 (31. Qxh6 $11 {keeps the balance.} Rf7 32. Qxe6) 31... Bxf8 $17 32. fxe5 {And now Rf7! would win.} Qg7 {Strongly threatening ...Qxg6.} 33. Qh5 $2 ({White must play} 33. Qxe6 $15 Qh6 34. Qxh6 Bxh6 35. h4) 33... Bc5 $19 34. Bg6 $2 (34. c3 {was necessary.}) 34... Rg8 35. Rf6 (35. b4 $142 Bxb4 36. Rg1) 35... Qd7 {( -> ...Qd5+)} 36. Kg2 Qd2+ 37. Kf1 {[%csl Gg6][%cal Rh5h7]} Rg7 {Played: Rg8xg6} 0-1

[Event "ESP chT Honor Division 2019"]
[Site "Melilla"]
[Date "2019.10.06"]
[Round "7.21"]
[White "Santos Ruiz, Miguel"]
[Black "Paehtz, Elisabeth"]
[Result "1/2-1/2"]
[WhiteElo "2560"]
[BlackElo "2489"]
[Annotator "ChessBase"]
[PlyCount "71"]
[EventDate "2019.09.30"]
[EventType "team-tourn"]
[EventCountry "ESP"]
[SourceTitle "playchess.com"]
[Source "ChessBase"]
[SourceQuality "1"]
[TimeControl "40/5400+30:1800+30"]

1. e4 {[%emt 0:00:00]} e6 {[%emt 0:00:00]} 2. d4 {[%emt 0:00:00]} d5 {[%emt 0:00:00]} 3. Nd2 {[%emt 0:00:00]} c5 {[%emt 0:00:00]} 4. Ngf3 {[%emt 0:00:00]} Nc6 {[%emt 0:00:00]} 5. exd5 {[%emt 0:00:00]} exd5 {[%emt 0:00:00]} 6. Bb5 {[%emt 0:00:00]} Qe7+ {[%emt 0:00:00]} 7. Be2 {[%emt 0:00:02]} Qc7 {[%emt 0:00:03]} 8. O-O {[%emt 0:00:06]} Nf6 {[%emt 0:00:03]} 9. Re1 {[%emt 0:00:07]} Be6 {[%emt 0:03:14]} 10. Bd3 {[%emt 0:01:03]} Be7 {[%emt 0:01:28]} 11. dxc5 {[%emt 0:00:38]} Bxc5 {[%emt 0:00:06]} 12. Nb3 {[%emt 0:00:19]} Bb6 {[%emt 0:00:03]} 13. Be3 {[%emt 0:00:25]} O-O {[%emt 0:01:24]} 14. h3 {[%emt 0:03:34]} Bxe3 {[%emt 0:03:29]} 15. Rxe3 {[%emt 0:00:15]} Rfe8 {[%emt 0:00:26]} 16. Qd2 {[%emt 0:14:50]} Bd7 {[%emt 0:13:16]} 17. Rae1 {[%emt 0:08:08]} Rxe3 {[%emt 0:00:04]} 18. Rxe3 {[%emt 0:00:05]} Re8 {[%emt 0:00:08]} 19. a3 {[%emt 0:12:21]} Qb6 {[%emt 0:02:01]} 20. Rxe8+ {[%emt 0:00:28]} Bxe8 {[%emt 0:00:06]} 21. Qf4 {[%emt 0:00:51]} Nd8 {[%emt 0:04:45]} 22. Qb4 {[%emt 0:06:12]} Qxb4 {[%emt 0:11:26]} 23. axb4 {[%emt 0:00:06]} Kf8 {[%emt 0:00:13]} 24. Kf1 {[%emt 0:00:54]} Ke7 {[%emt 0:01:28]} 25. Ke2 {[%emt 0:00:06]} Ne6 {[%emt 0:02:12]} 26. g3 {[%emt 0:08:00]} Bd7 {[%emt 0:08:05]} 27. h4 {[%emt 0:00:22]} g6 {[%emt 0:04:16]} 28. Nbd4 {[%emt 0:01:39]} Kd6 {[%emt 0:01:40]} 29. c3 {[%emt 0:04:51]} a6 {[%emt 0:07:30]} 30. Kd2 {[%emt 0:08:45]} Ng4 {[%emt 0:01:32]} 31. Ke1 {[%emt 0:00:06]} Be8 {[%emt 0:02:22]} 32. Ke2 {[%emt 0:03:28]} Nf6 {[%emt 0:00:42]} 33. Kd2 {[%emt 0:01:23]} Ng4 {[%emt 0:00:06]} 34. Ke1 {[%emt 0:00:02]} Nf6 {[%emt 0:00:17]} 35. Ne2 {[%emt 0:00:04]} Ng4 {[%emt 0:00:53]} 36. Ned4 {[%emt 0:05:20] Ke5} 1/2-1/2